NBA Players from Penn State - Statistics

General Stats
  • This quiz has been taken 17 times
    5 since last reset
  • The average score is 6 of 19
Answer Stats
Position Player Draft Year % Correct
SG Jalen Pickett 2023
100%
SG Seth Lundy 2023
100%
SG Andrew Funk 2023
60%
C Yanic Konan Niederhauser 2025
60%
SG Bob Weiss 1965
20%
C Calvin Booth 1999
20%
G Chris Babb 2013
20%
PF Frank Brickowski 1981
20%
GF Herschel Baltimore N/A
20%
SG Izaiah Brockington 2022
20%
F Jesse Arnelle 1955
20%
G Joe Crispin 2001
20%
C John Amaechi 1995
20%
G John Barr N/A
20%
SG Josh Reaves 2019
20%
PF Lamar Stevens 2020
20%
G Mike Iuzzolino 1991
20%
G Tim Frazier 2014
20%
F Tom Hovasse 1989
20%
No matching quizzes found
Score Distribution
Percent of People with Each Score
Percentile by Number Answered
Your Score History
You have not taken this quiz since the last reset